LEADER 01177nam a2200217 4500 001 000000342333 003 CaOOAMICUS 005 20230901091808.0 008 200928s1814 it d 000 u ita r 026 $ao.a. n-i. .,5. diRA (3) 1814 (A) 040 $aSeMil$bita 100 11$aFormiggini, Luigi Raffaele.$0(OLS)http://semarc/name/112213 245 00$a4: R-Z. 264 1$aMilano :$bDai tipi di Gioanni Bernardoni, a S. Marcellino n. 1799,$c1814. 300 $aVI, [2], 532, 28 p. ;$c8° 773 0 $aFormiggini, Luigi Raffaele$tNuovo dizionario geografico, topografico, storico, statistico e commerciale. Compilato e portato a molto maggior estensione di qualunque altro simile Dizionario italiano da L. R. F. In quattro volumi distribuito. Tomo 1. [-4.].$dMilano : Dai tipi di Gioanni Bernardoni, a S. Marcellino n. 1799, 1813-1814.$g4$w()342328 850 $aSeMil 852 $aSeMil$W1$xVenegono$y1$m3XF I 15 FA$j243328$B233298$CSeMilBibl$Z2$F233298 $8I 996 $6245$a4: R-Z$9(OLS)http://semarc/title/431179 996 $6264$aMilano :$bDai tipi di Gioanni Bernardoni, a S. Marcellino n. 1799$9(OLS)http://semarc/publisher/59329 LEADER 00670nam a2200193 i 4500 001 000000207093 003 CaOOAMICUS 005 20200709103013.0 008 111021s1837 it u000 u ita u 013 $a185868 040 $aSeMil$bita 245 10$aVol. 1. 300 $a272 p. 700 1 $aAlighieri, Dante,$d<1265-1321>.$0(OLS)http://semarc/name/453 773 0 $aAlighieri, Dante <1265-1321>$tCommedia di Dante Alighieri.$dVenezia : Co' Tipi del gondoliere, 1837.$g1$w()25613 850 $aSeMil 852 $aSeMil$W1$xVenegono$y1$m1M VII 2 FA$j157556$B157556$CSeMilBibl$Z2$F168786 $8I 996 $6245$aVol. 1$9(OLS)http://semarc/title/13429